Statistical abstract, Chandigarh, 2020 (Record no. 521493)

000 -LEADER
fixed length control field 00542cam a22001457a 4500
008 - FIXED-LENGTH DATA ELEMENTS--GENERAL INFORMATION
fixed length control field 180718b-- xxu||||| |||| 00| 0 eng d
082 ## - DEWEY DECIMAL CLASSIFICATION NUMBER
Classification number A84x54332/2021
245 ## - TITLE STATEMENT
Title Statistical abstract, Chandigarh, 2020
Statement of responsibility, etc by Directorate of Economics and Statistics, Chandigarh
260 ## - PUBLICATION, DISTRIBUTION, ETC. (IMPRINT)
Place of publication, distribution, etc Chandigarh
Name of publisher, distributor, etc Directorate of Economics and Statistics
Date of publication, distribution, etc 2022
300 ## - PHYSICAL DESCRIPTION
Extent 370p.
500 ## - GENERAL NOTE
General note Library has 2005, 2010, 2018, 2020-21
650 ## - SUBJECT ADDED ENTRY--TOPICAL TERM
Topical term or geographic name as entry element Chandigarh - Statistics
9 (RLIN) 11863
700 ## - ADDED ENTRY--PERSONAL NAME
Personal name Chandigarh. Directorate of Economics and Statistics
9 (RLIN) 11864
942 ## - ADDED ENTRY ELEMENTS (KOHA)
Source of classification or shelving scheme
Holdings
Withdrawn status Lost status Source of classification or shelving scheme Damaged status Koha normalized classification for sorting Not for loan Permanent location Current location Date acquired Full call number Barcode Date last seen Price effective from Koha item type
        A_84X54332_2021_000000000000000   Indian Institute of Public Administration Indian Institute of Public Administration 2023-02-09 A84x54332/2021 gg34980 2023-02-09 2023-02-09 GG

Powered by Koha